[Event "Budha Bhandari Memorial"]
[Site "Budhanilkantha"]
[Date "2019.11.12"]
[Round "5"]
[White "Sun, Furong"]
[Black "Luu, Duc Hai"]
[Result "1/2-1/2"]
[WhiteElo "1966"]
[BlackElo "1816"]
[PlyCount "46"]
[EventDate "2019.11.09"]
[EventType "swiss"]
[EventRounds "9"]
[EventCountry "NEP"]
[SourceTitle "CBM 193 Extra"]
[Source "ChessBase"]
[SourceDate "2020.01.31"]
[SourceVersion "1"]
[SourceVersionDate "2020.01.31"]
[SourceQuality "1"]

1. d4 d5 2. Nf3 e6 3. Bf4 Bd6 4. Bg3 f5 5. e3 b6 6. Ne5 Nf6 7. Bb5+ Bd7 8. Bxd7+ Nbxd7 9. Nc6 Qc8 10. 0-0 Qb7 11. Bxd6 Qxc6 12. Bg3 0-0 13. Nd2 Ne4 14. Bh4 e5 15. f3 Nxd2 16. Qxd2 Qh6 17. dxe5 c6 18. Bg3 Rae8 19. Qd4 Qe6 20. f4 Nc5 21. Rfd1 Ne4 22. Be1 g6 23. a4 Rf7 1/2-1/2

[Event "Hanoi HD Bank op-B 8th"]
[Site "Hanoi"]
[Date "2018.03.12"]
[Round "5"]
[White "Luu, Duc Hai"]
[Black "Luong, Hoang Tu Linh"]
[Result "1-0"]
[WhiteElo "1850"]
[BlackElo "1505"]
[PlyCount "79"]
[EventDate "2018.03.10"]
[EventType "swiss"]
[EventRounds "9"]
[EventCountry "VIE"]
[SourceTitle "CBM 183 Extra"]
[Source "ChessBase"]
[SourceDate "2018.04.19"]
[SourceVersion "1"]
[SourceVersionDate "2018.04.19"]
[SourceQuality "1"]

1. d4 d5 2. c4 c6 3. Nc3 Nf6 4. Nf3 e6 5. Bg5 Nbd7 6. e3 h6 7. Bh4 Be7 8. cxd5 exd5 9. Bd3 0-0 10. 0-0 Re8 11. Qc2 Nf8 12. h3 Be6 13. Ne5 Rc8 14. f4 N6h7 15. Bg3 Bf6 16. Rad1 b6 17. Rc1 c5 18. Ba6 Ra8 19. f5 Bc8 20. Bb5 Bd7 21. Nxd7 Nxd7 22. Nxd5 Bg5 23. Rce1 Rc8 24. Ba6 Nb8 25. Bxc8 Qxd5 26. e4 Qxd4+ 27. Bf2 Qe5 28. Bb7 Rd8 29. Rd1 Re8 30. Rfe1 Bf6 31. Qa4 Nf8 32. Rd5 Qe7 33. Qxa7 Nbd7 34. Bc6 Ne5 35. Qxb6 Rc8 36. Bb5 Rc7 37. Bxc5 Rb7 38. Bxe7 Rxb6 39. Bxf6 gxf6 40. a4 1-0

[Event "Asia-ch Seniors 50"]
[Site "Mandalay"]
[Date "2016.10.31"]
[Round "5"]
[White "Luu, Duc Hai"]
[Black "Tin, Aung"]
[Result "0-1"]
[WhiteElo "1884"]
[BlackElo "2124"]
[PlyCount "108"]
[EventDate "2016.10.26"]
[EventType "swiss"]
[EventRounds "9"]
[EventCountry "MYA"]
[SourceTitle "CBM 175 Extra"]
[Source "ChessBase"]
[SourceDate "2016.12.12"]
[SourceVersion "1"]
[SourceVersionDate "2016.12.12"]
[SourceQuality "1"]

1. d4 c6 2. e4 d6 3. Nc3 Nd7 4. f4 Qc7 5. Nf3 Ngf6 6. e5 dxe5 7. fxe5 Nd5 8. Nxd5 cxd5 9. Bd3 e6 10. 0-0 h6 11. Nh4 Be7 12. Qg4 g5 13. Rxf7 Nxe5 14. dxe5 gxh4 15. Qg7 Qc5+ 16. Kh1 Rf8 17. Be3 Rxf7 18. Qg8+ Rf8 19. Qg6+ Kd8 20. Bxc5 Bxc5 21. Qxh6 Be7 22. Rc1 Bd7 23. c4 Rc8 24. b3 d4 25. c5 Kc7 26. Qg7 Rce8 27. Qg4 Rg8 28. Qe2 h3 29. gxh3 Bg5 30. Rg1 Be3 31. Rg4 Bc6+ 32. Qg2 Bxg2+ 33. Kxg2 Ref8 34. Be4 Rf2+ 35. Kg3 Rxg4+ 36. hxg4 Rxa2 37. h4 Bf2+ 38. Kh3 Be3 39. g5 Kd8 40. Bxb7 Rc2 41. b4 d3 42. Be4 Rc3 43. Kg4 d2 44. Bf3 Rc4+ 45. Kh5 Rxb4 46. c6 Rc4 47. g6 Ke7 48. g7 Kf7 49. g8Q+ Kxg8 50. Kg6 Rxh4 51. Kf6 Rf4+ 52. Kxe6 Rxf3 53. c7 Rf8 54. Ke7 d1Q 0-1

[Event "Ho Chi Minh City HD Bank op-B 6th"]
[Site "Ho Chi Minh City"]
[Date "2016.03.12"]
[Round "7"]
[White "Luu, Duc Hai"]
[Black "Nguyen, Hai Phuong Anh"]
[Result "0-1"]
[WhiteElo "1952"]
[BlackElo "1423"]
[PlyCount "82"]
[EventDate "2016.03.08"]
[EventType "swiss"]
[EventRounds "9"]
[EventCountry "VIE"]
[SourceTitle "CBM 171 Extra"]
[Source "ChessBase"]
[SourceDate "2016.04.26"]
[SourceVersion "1"]
[SourceVersionDate "2016.04.26"]
[SourceQuality "1"]

1. d4 d5 2. Nf3 Nf6 3. c4 c6 4. Nc3 dxc4 5. a4 Bf5 6. e3 e6 7. Bxc4 Bb4 8. Bd2 Bg6 9. Qe2 Qe7 10. Ne5 Bh5 11. f3 Nfd7 12. Nd3 Bd6 13. Ne4 c5 14. Bc3 cxd4 15. exd4 0-0 16. Nxd6 Qxd6 17. Bb4 Qxd4 18. Bxf8 Qh4+ 19. Nf2 Nxf8 20. 0-0 Nc6 21. Rfd1 Ng6 22. Qe4 Qg5 23. Nh3 Qc5+ 24. Kh1 Nge5 25. Bb5 Bg6 26. Qe2 h6 27. Rac1 Qe7 28. f4 Nd7 29. Bxc6 bxc6 30. Rxc6 Nf6 31. Rcd6 Bh5 32. Qf2 Bxd1 33. Rxd1 Rb8 34. Qc2 Qb7 35. Nf2 Nd5 36. Qd2 Qxb2 37. Qxb2 Rxb2 38. Nd3 Ra2 39. Nc5 Nxf4 40. Rd8+ Kh7 41. g3 Ra1+ 0-1

[Event "VIE-chT"]
[Site "Ho Chi Minh City"]
[Date "2015.07.21"]
[Round "6.27"]
[White "Luu, Duc Hai"]
[Black "Nguyen, Huynh Minh Thien"]
[Result "1/2-1/2"]
[WhiteElo "1936"]
[BlackElo "1702"]
[PlyCount "83"]
[EventDate "2015.07.16"]
[EventType "team-swiss"]
[EventRounds "9"]
[EventCountry "VIE"]
[SourceTitle "EXT 2016"]
[Source "ChessBase"]
[SourceDate "2015.10.08"]
[SourceVersion "1"]
[SourceVersionDate "2015.10.08"]
[SourceQuality "1"]

1. e4 c6 2. d4 d5 3. exd5 cxd5 4. Bd3 Nc6 5. c3 Qc7 6. Ne2 Bg4 7. Qb3 Bxe2 8. Kxe2 e6 9. Bf4 Bd6 10. Bg3 Nf6 11. Nd2 0-0 12. Nf3 e5 13. dxe5 Nxe5 14. Nxe5 Bxe5 15. Rhe1 Bxg3 16. hxg3 Qe5+ 17. Kd1 Qc7 18. Kc2 b6 19. Qb4 Rfe8 20. Qh4 Qc5 21. g4 h6 22. f3 d4 23. Qf2 Red8 24. Rad1 Qa5 25. c4 b5 26. Kb1 bxc4 27. Bxc4 Qb4 28. b3 Rab8 29. Ka1 a5 30. Qd2 Qc5 31. Rc1 Qa3 32. Re5 a4 33. Ra5 Ra8 34. Re1 Rxa5 35. Qxa5 Qf8 36. Qxa4 Ra8 37. Bxf7+ Kxf7 38. Qc4+ Kg6 39. Qd3+ Kf7 40. Qc4+ Kg6 41. Qd3+ Kf7 42. Qc4+ 1/2-1/2

[Event "Graz Casino op-A"]
[Site "Graz"]
[Date "2014.02.19"]
[Round "7"]
[White "Hapala, Elisabeth"]
[Black "Luu, Duc Hai"]
[Result "1-0"]
[WhiteElo "2054"]
[BlackElo "1927"]
[PlyCount "79"]
[EventDate "2014.02.14"]
[EventType "swiss"]
[EventRounds "9"]
[EventCountry "AUT"]
[SourceTitle "CBM 158 Extra"]
[Source "ChessBase"]
[SourceDate "2014.02.28"]
[SourceVersion "1"]
[SourceVersionDate "2014.02.28"]
[SourceQuality "1"]

1. e4 g6 2. d4 c6 3. Nc3 d5 4. h3 h5 5. Nf3 e6 6. Bd3 Nd7 7. Bf4 Bh6 8. Qd2 f6 9. exd5 cxd5 10. Bxg6+ Kf8 11. Bd3 a6 12. 0-0-0 b5 13. g4 h4 14. g5 Bg7 15. Bd6+ Kf7 16. g6+ Ke8 17. Nxd5 exd5 18. Rde1+ Ne5 19. dxe5 f5 20. Nd4 Rh5 21. Kb1 Qb6 22. Qb4 Rg5 23. Rhg1 Rh5 24. a4 Bd7 25. axb5 a5 26. Qc5 Qxc5 27. Bxc5 Rc8 28. Bb6 Rb8 29. Ba7 Ra8 30. b6 Ne7 31. Ba6 Nc6 32. b7 Rd8 33. Nxc6 Bxc6 34. b8Q Rxb8 35. Bxb8 d4 36. Rd1 Ke7 37. Rxd4 f4 38. Rxf4 Bd5 39. Bd6+ Ke6 40. Bc8# 1-0

[Event "Graz Casino op-A"]
[Site "Graz"]
[Date "2014.02.17"]
[Round "5"]
[White "Hatzl, Johannes"]
[Black "Luu, Duc Hai"]
[Result "1-0"]
[WhiteElo "2141"]
[BlackElo "1927"]
[PlyCount "103"]
[EventDate "2014.02.14"]
[EventType "swiss"]
[EventRounds "9"]
[EventCountry "AUT"]
[SourceTitle "CBM 158 Extra"]
[Source "ChessBase"]
[SourceDate "2014.02.28"]
[SourceVersion "1"]
[SourceVersionDate "2014.02.28"]
[SourceQuality "1"]

1. e4 e6 2. d4 d5 3. Nc3 Nf6 4. Bg5 Be7 5. e5 Nfd7 6. h4 Bxg5 7. hxg5 Qxg5 8. Qd3 h6 9. Nh3 Qe7 10. Qg3 Kf8 11. 0-0-0 a6 12. Nf4 c5 13. Ncxd5 exd5 14. Nxd5 Qe6 15. Nc7 Qxa2 16. e6 fxe6 17. Qd6+ Kf7 18. Be2 Nf6 19. Nxa8 Qa1+ 20. Kd2 Ne4+ 21. Ke3 Nxd6 22. Rxa1 Nf5+ 23. Kd2 Rd8 24. Nb6 Nxd4 25. Nxc8 Rxc8 26. Rad1 Rd8 27. c3 Nxe2+ 28. Kxe2 Rxd1 29. Rxd1 Ke7 30. Kd3 Nd7 31. Kc4 b6 32. Ra1 Ne5+ 33. Kb3 c4+ 34. Kb4 Nd3+ 35. Kxc4 Nxb2+ 36. Kd4 e5+ 37. Kxe5 Nd3+ 38. Kd5 b5 39. Rxa6 b4 40. Kc4 Nxf2 41. cxb4 Ng4 42. Kd4 g5 43. b5 Kd7 44. Rg6 Kc7 45. Kc5 Ne5 46. Rxh6 Nd3+ 47. Kd4 Nf4 48. g3 Ne2+ 49. Kc5 Nxg3 50. Rh7+ Kb8 51. Kb6 Kc8 52. Kc6 1-0

[Event "Penang op-A 5th"]
[Site "Penang"]
[Date "2013.12.10"]
[Round "2"]
[White "Luu, Duc Hai"]
[Black "Villanueva, Nelson"]
[Result "0-1"]
[WhiteElo "1950"]
[BlackElo "2265"]
[PlyCount "128"]
[EventDate "2013.12.09"]
[EventType "swiss"]
[EventRounds "9"]
[EventCountry "MAS"]
[SourceTitle "CBM 157 Extra"]
[Source "ChessBase"]
[SourceDate "2013.12.19"]
[SourceVersion "1"]
[SourceVersionDate "2013.12.19"]
[SourceQuality "1"]

1. d4 c5 2. e3 Nf6 3. c4 g6 4. Nf3 Bg7 5. Nc3 0-0 6. Be2 cxd4 7. exd4 d5 8. 0-0 Nc6 9. Be3 dxc4 10. Bxc4 Na5 11. Be2 Be6 12. b3 Rc8 13. Rc1 Nd5 14. Qd2 Nc6 15. Rfd1 Nxc3 16. Rxc3 Bd5 17. Bh6 Bxh6 18. Qxh6 Bxf3 19. Bxf3 Nxd4 20. Rcd3 Nxf3+ 21. gxf3 Qb6 22. f4 Rfd8 23. Qh3 Kg7 24. Qe3 Qxe3 25. fxe3 Rxd3 26. Rxd3 Rc1+ 27. Kf2 Rc2+ 28. Kg3 Rxa2 29. Rd7 b6 30. Rxe7 Ra3 31. b4 Kf8 32. Re4 Rb3 33. Kf3 Rb2 34. h4 h5 35. Rc4 Kg7 36. Ke4 a5 37. bxa5 bxa5 38. Rc5 a4 39. Ra5 Ra2 40. f5 Rh2 41. Ke5 Rxh4 42. f6+ Kh6 43. e4 Kg5 44. Rxa4 Rf4 45. Ra1 h4 46. Rg1+ Rg4 47. Rh1 Rg3 48. Kd6 Kxf6 49. Rxh4 Rd3+ 50. Kc5 Ke5 51. Rh7 Rc3+ 52. Kb4 Rc7 53. Rh4 g5 54. Rg4 f6 55. Kb3 Rc1 56. Kb2 Rc4 57. Kb3 Rxe4 58. Rg1 Rd4 59. Kc3 Rd8 60. Re1+ Kf5 61. Rf1+ Kg6 62. Kc4 f5 63. Ra1 g4 64. Rg1 Kg5 0-1

[Event "Hong Kong-ch op"]
[Site "Hong Kong"]
[Date "2013.09.29"]
[Round "5"]
[White "Luu, Duc Hai"]
[Black "Lau, Joe Yiu Cho"]
[Result "1-0"]
[WhiteElo "1998"]
[BlackElo "1602"]
[PlyCount "101"]
[EventDate "2013.09.27"]
[EventType "swiss"]
[EventRounds "9"]
[EventCountry "HKG"]
[SourceTitle "EXT 2015"]
[Source "ChessBase"]
[SourceDate "2014.11.20"]
[SourceVersion "1"]
[SourceVersionDate "2014.11.20"]
[SourceQuality "1"]

1. d4 d5 2. c4 e6 3. Nf3 c5 4. e3 Nc6 5. Nc3 Nf6 6. b3 a6 7. Bb2 Qa5 8. Bd3 cxd4 9. exd4 Bb4 10. Qc2 Ne4 11. Rc1 e5 12. dxe5 Nxc3 13. Bxc3 d4 14. Bd2 Bg4 15. 0-0 Bxf3 16. Bxb4 Nxb4 17. Qd2 Bh5 18. Be4 0-0 19. Bxb7 Rab8 20. Bd5 Qxa2 21. Qxd4 Qxb3 22. Rc3 Qb2 23. Qe3 Bg6 24. f4 Rfc8 25. Rcc1 Bd3 26. Rfd1 Bc2 27. Rf1 Rd8 28. Qd2 Nxd5 29. cxd5 Be4 30. Qxb2 Rxb2 31. Rfd1 Rxg2+ 32. Kf1 Rxh2 33. d6 Bf3 34. Re1 Rd2 35. Re3 Bh5 36. Rec3 Bg4 37. Ke1 Rd4 38. Rc4 Rxc4 39. Rxc4 Be6 40. Ra4 Ra8 41. Kd2 g6 42. Ke3 h5 43. Kd4 Kg7 44. Kc5 Bd7 45. Ra3 h4 46. Kb6 Bb5 47. Kc7 Rh8 48. d7 Bxd7 49. Kxd7 h3 50. f5 h2 51. f6+ 1-0

[Event "Hong Kong-ch op"]
[Site "Hong Kong"]
[Date "2013.09.28"]
[Round "2"]
[White "Li, Bo"]
[Black "Luu, Duc Hai"]
[Result "1-0"]
[WhiteElo "2359"]
[BlackElo "1998"]
[PlyCount "113"]
[EventDate "2013.09.27"]
[EventType "swiss"]
[EventRounds "9"]
[EventCountry "HKG"]
[SourceTitle "EXT 2015"]
[Source "ChessBase"]
[SourceDate "2014.11.20"]
[SourceVersion "1"]
[SourceVersionDate "2014.11.20"]
[SourceQuality "1"]

1. d4 d5 2. c4 c6 3. cxd5 cxd5 4. Nc3 e6 5. Nf3 Nf6 6. Bf4 Bd6 7. Bg3 a6 8. e3 Nc6 9. Bd3 b6 10. 0-0 Bb7 11. Rc1 0-0 12. Bh4 Be7 13. Bb1 Ne8 14. Qd3 f5 15. Bxe7 Qxe7 16. Na4 b5 17. Nc5 Nd6 18. Ng5 Qxg5 19. Nxb7 Nb4 20. Qa3 Nxb7 21. Qxb4 Rfc8 22. a4 Qd8 23. axb5 Qb6 24. Bd3 Nd6 25. Rc5 a5 26. Qc3 Qb7 27. Rc1 Rxc5 28. dxc5 Nxb5 29. c6 Nxc3 30. cxb7 Rb8 31. bxc3 Rxb7 32. c4 dxc4 33. Rxc4 Rb3 34. Bc2 Ra3 35. g3 Kf7 36. Kg2 Kf6 37. e4 g6 38. f4 fxe4 39. Bxe4 Ra2+ 40. Rc2 Ra1 41. Rc6 Ke7 42. Rc7+ Kd6 43. Rxh7 a4 44. Bxg6 a3 45. Ra7 Ra2+ 46. Kf3 Kc5 47. h4 Kb4 48. Bf7 Ra1 49. Bxe6 Rf1+ 50. Kg4 Re1 51. f5 Re4+ 52. Kg5 Re3 53. g4 Kc5 54. h5 Kd6 55. h6 Rh3 56. Ra6+ Ke5 57. f6 1-0